000 01195nam0a22002531 4500
001 rc\549891
005 20250621125956.0
035 _a(NLR Aleph) 005785996
090 _a5150434
_c5150434
100 _a20030616d1987 |||y0rusy50 ca
101 0 _arus
102 _aRU
105 _ay |||||||||
200 1 _aЭКОНОМИЧЕСКИЕ проблемы производства и потребления безалкогольных напитков в СССР и за рубежом
_f[Яшнова П.М. и др.]
210 _aМ.
_cАгроНИИТЭИПП
_d1987
215 _a32 с.
_d20
225 1 _aПищевая промышленность
_hСерия 22
_iПиво-безалкогольная промышленность
_eОбзор. информ.
_fВНИИ информ. и техн.-экон. исслед. агропром. комплекса. НИИ информ. и техн.-экон. исслед. пищ. пром-сти
_vВып. 7
300 _aВ надзаг. также: Госагропром СССР
320 _aБиблиогр.: с. 30-31
801 0 _aRU
_bNLR
_gpsbo
801 1 _aRU
_bELAR
_2rusmarc
852 _aNLR
_jП10/5607
942 _cBOOK
980 _aNB